Kalendár pestovania zeleniny

Bibliographic Details
Main Author: Buchtová, Helena, 1902-1976 (Author)
Format: Article
Language:Slovak

MARC

LEADER 00000nab a2200000uu 4500
001 vtls010912241
003 SK-MaSNL
005 20260303150717.0
008 230222|1942 xo |||||||||||||||||slo|
015 |a SNBRB 
035 |a (urnnbn)urn:nbn:sk:snk:ar-a086sm 
035 |a (uuid)eda1290f-5023-4bb1-9868-e8ee68a5f3a5 
035 |a urn:nbn:sk:snk-ab919g 
040 |a SNKBUCL  |b slo  |c SNKBUCL  |e AACR2 
041 0 |a slo 
044 |a xo  |c SK 
100 1 |a Buchtová, Helena,  |d 1902-1976  |4 aut  |9 198658 
245 1 0 |a Kalendár pestovania zeleniny  |c Helena Buchtová 
773 0 |t Slovenské ovocinárstvo : odborný časopis pre povznesenie ovocinárstva, vinohradníctva a záhradníctva : orgán Slovenskej ovocinárskej spoločnosti a jej odbočiek  |g Roč. 19, č. 429-430 (1942), s. 33-35 
954 |a odborná, vedecká literatúra pôvodná (slovenská)  |2 lita 
958 |a OND 
958 |a EUIPO 
958 |a article10 
999 |c 2012721  |d 2014651